European Clubs that have never been relegated - Statistics

General Stats
  • This quiz has been taken 802 times
    508 since last reset
  • The average score is 12 of 13
Answer Stats
Country Answer % Correct
Netherlands Ajax
99%
Spain Barcelona
99%
Spain Real Madrid
99%
Germany Bayern Munich
98%
Italy Internazionale
98%
Portugal Porto
97%
Portugal Benfica
94%
Scotland Celtic
94%
Portugal Sporting Lisbon
94%
Netherlands PSV Eindhoven
92%
Netherlands Feyenoord
85%
Spain Athletic Bilbao
73%
Netherlands Utrecht
37%
No matching quizzes found
Score Distribution
Percent of People with Each Score
Percentile by Number Answered
Your Score History
You have not taken this quiz since the last reset